<?xml version="1.0" encoding="UTF-8"?>
<collection xmlns="http://www.loc.gov/MARC21/slim">
  <record>
    <leader>00000nam  2200000   4500</leader>
    <controlfield tag="001">INLIS000000000013205</controlfield>
    <controlfield tag="005">20220809093553</controlfield>
    <datafield tag="035" ind1="#" ind2="#">
      <subfield code="a">0010-0822000006</subfield>
    </datafield>
    <datafield tag="245" ind1="1" ind2="#">
      <subfield code="a">Inovasi Sistem Pelayanan Dokumentasi dan Informasi Hukum pada Kementerian Koordinator Bidang Kemaritiman dan Investasi melalui JDIH Terintegrasi Kejaksaan Agung RI /</subfield>
      <subfield code="c">Kurniawan Budi Prianto, S.Kom., S.H., M.M.</subfield>
    </datafield>
    <datafield tag="100" ind1="1" ind2="#">
      <subfield code="a">PRIANTO, Kurniawan Budi</subfield>
    </datafield>
    <datafield tag="250" ind1="#" ind2="#">
      <subfield code="a">1</subfield>
    </datafield>
    <datafield tag="300" ind1="#" ind2="#">
      <subfield code="a">ix, 55 halaman ; lampiran :</subfield>
      <subfield code="b">ilustrasi ;</subfield>
      <subfield code="c">30 cm</subfield>
    </datafield>
    <datafield tag="260" ind1="#" ind2="#">
      <subfield code="a">Samarinda :</subfield>
      <subfield code="b">Puslatbang KDOD,</subfield>
      <subfield code="c">2020</subfield>
    </datafield>
    <datafield tag="084" ind1="#" ind2="#">
      <subfield code="a">PKN 291 2020</subfield>
    </datafield>
    <datafield tag="650" ind1="#" ind2="4">
      <subfield code="a">Proyek Perubahan</subfield>
    </datafield>
    <datafield tag="650" ind1="#" ind2="4">
      <subfield code="a">Kepemimpinan Nasional Tingkat II</subfield>
    </datafield>
    <datafield tag="650" ind1="#" ind2="4">
      <subfield code="a">sistem informasi</subfield>
    </datafield>
    <datafield tag="650" ind1="#" ind2="4">
      <subfield code="a">jaringan komunikasi</subfield>
    </datafield>
    <datafield tag="650" ind1="#" ind2="4">
      <subfield code="a">teknologi informasi</subfield>
    </datafield>
    <datafield tag="650" ind1="#" ind2="4">
      <subfield code="a">perlindungan hukum</subfield>
    </datafield>
    <datafield tag="650" ind1="#" ind2="4">
      <subfield code="a">bidang maritim</subfield>
    </datafield>
    <datafield tag="520" ind1="#" ind2="#">
      <subfield code="a">Laporan proyek perubahan ini didorong masih tidak terintegrasinya koordinasi jaringan dan dokumentasi dan informasi hukum (JDIH) Kementerian Koordinator Bidang Kemaritiman dan Investasi menyebabkan kurang terupdate dan keakuratan informasi hukum masing masing 7 kementrian/kelembagaan  yaitu : Kementerian Energi dan Sumber daya Mineral, Kementerian Perhubungan, Kementerian Kelautan dan Perikanan, Kementerian Pariwisata dan Ekonomi Kreatif, Kementerian Pekerjaan Umum dan Perumahan Rakyat, Kementerian Lingkungan Hidup dan Kehutanan. Serta Badan Koordinasi Penanaman Modal. Proyek ini memberikan payung hukum dan aplikasi JDIH di lingkungan Kementerian Koordinator Bidang Kemaritiman dan Investasi dalam berkoordinasi dengan stakeholder terkait secara tertib dan teratur.</subfield>
    </datafield>
    <datafield tag="500" ind1="#" ind2="#">
      <subfield code="a">Coach : Ir. Choirul Djamhari, M.Sc.,Ph.D&#13;
Penguji : Dr. Mariman Darto, M.Si&#13;
Mentor : Budi Purwanto, SH.MH</subfield>
    </datafield>
  </record>
</collection>
